Kávéfogyasztási szokások Magyarországon, és a kávé szerepe a magyar gasztrokultúrában
| Szerző: | |
|---|---|
| További közreműködők: | |
| Dokumentumtípus: | Diplomadolgozat |
| Kulcsszavak: | Kávé Kávékészítés Kávé, fajta Fogyasztási szokás, kávé Élettani hatás, kávé Elemzés |
| Online Access: | http://dolgozattar.uni-bge.hu/59389 |
MARC
| LEADER | 00000nta a2200000 i 4500 | ||
|---|---|---|---|
| 001 | dolg59389 | ||
| 005 | 20260114113719.0 | ||
| 008 | 260114suuuu hu om 000 hun d | ||
| 040 | |a BGE Dolgozattár Repozitórium |b hun | ||
| 041 | |a hu | ||
| 100 | 1 | |a Szendrei Bernadett | |
| 245 | 1 | 0 | |a Kávéfogyasztási szokások Magyarországon, és a kávé szerepe a magyar gasztrokultúrában |c Szendrei Bernadett |h [elektronikus dokumentum] |
| 695 | |a Kávé | ||
| 695 | |a Kávékészítés | ||
| 695 | |a Kávé, fajta | ||
| 695 | |a Fogyasztási szokás, kávé | ||
| 695 | |a Élettani hatás, kávé | ||
| 695 | |a Elemzés | ||
| 700 | 1 | |a Seregi Dr. Andrásné |e ths | |
| 856 | 4 | 0 | |u http://dolgozattar.uni-bge.hu/59389/1/Szendrei-Bernadett.pdf |z Dokumentum-elérés |